| LEADER | 02159nam a2200529 i 4500 | ||
|---|---|---|---|
| 001 | 311318 | ||
| 003 | CZ PrSKC | ||
| 005 | 20260601215703.0 | ||
| 007 | ta | ||
| 008 | 190830s2019 xr g 000 f cze | ||
| 015 | |a cnb003131182 | ||
| 020 | |a 9788025245286 |q (brožováno) : |c Kč 329,00 | ||
| 035 | |a (OCoLC)1127268187 | ||
| 040 | |a ABG001 |b cze |d OLA001 |e rda | ||
| 041 | 1 | |a cze |h eng | |
| 072 | 7 | |a 821.111(73)-3 |x Americká próza |2 Konspekt | |
| 072 | 7 | |a 821-93 |x Literatura pro děti a mládež (beletrie) |2 Konspekt | |
| 080 | |a 821.111(73)-31 |2 MRF | ||
| 080 | |a 821-93 |2 MRF | ||
| 080 | |a (0:82-311.9) |2 MRF | ||
| 100 | 1 | |a Zahn, Timothy, |d 1951- |7 jn20010310198 |4 aut | |
| 240 | 1 | 0 | |a Alliances. |l Česky |7 aun20191052229 |
| 245 | 1 | 0 | |a Star Wars. |p Thrawn. |p Spojenectví / |c Timothy Zahn ; z anglického originálu Star Wars - Thrawn: Alliances ... přeložil Pavel Klimeš |
| 246 | 3 | 0 | |a Thrawn |
| 246 | 3 | 0 | |a Spojenectví |
| 250 | |a První vydání | ||
| 264 | 1 | |a V Praze : |b Egmont, |c 2019 | |
| 300 | |a 309 stran ; |c 21 cm | ||
| 336 | |a text |b txt |2 rdacontent | ||
| 337 | |a bez média |b n |2 rdamedia | ||
| 338 | |a svazek |b nc |2 rdacarrier | ||
| 521 | 8 | |a Pro čtenáře od 12 let | |
| 655 | 7 | |a americké romány |7 fd131796 |2 czenas | |
| 655 | 7 | |a vědecko-fantastické romány |7 fd133847 |2 czenas | |
| 655 | 7 | |a publikace pro mládež |7 fd133157 |2 czenas | |
| 655 | 9 | |a American fiction |2 eczenas | |
| 655 | 9 | |a science fiction novels |2 eczenas | |
| 655 | 9 | |a juvenile literature |2 eczenas | |
| 700 | 1 | |a Klimeš, Pavel, |d 1985- |7 ola20191051471 |4 trl | |
| 765 | 1 | |t Star Wars | |
| 787 | 0 | 8 | |i Z cyklu: |t Thrawn |g 2 |
| 900 | |a ABA001 |b 21 | ||
| 928 | 9 | |a Albatros Media - Egmont | |
| 044 | |a xr | ||
| 910 | |a RBIT002 | ||
| 998 | |d 317738 |a https://core.palmknihy.cz/api/books/317738/cover?si7gr2 |b https://core.palmknihy.cz/api/books/317738/cover/400?si7gr2 |c https://core.palmknihy.cz/api/books/317738/cover/50?si7gr2 |e 2026-12-31 |g 312 |i 9788025245286 |j https://core.palmknihy.cz/api/books/317738/preview.epub |k https://core.palmknihy.cz/api/books/317738/preview.pdf |l |q 49 |r 1 |s https://www.palmknihy.cz/kniha/317738 |t ebook |y 2021 |z 0 |v Star Wars - Thrawn |w 2 | ||
| 999 | |d 311316 | ||